Statistics for DCEU Acronyms

Click here to take the quiz!

General Stats

  • This quiz has been taken 17 times
  • The average score is 6 of 7

Answer Stats

AcronymMovie% Correct
JLJustice League
100%
BVSDOJBatman v Superman: Dawn of Justice
92%
WW84Wonder Woman 1984
92%
BOPBirds of Prey
85%
AATLKAquaman and the Lost Kingdom
77%
TSSThe Suicide Squad
77%
ZSJLZack Snyder’s Justice League
69%

Score Distribution

Percentile by Number Answered

Percent of People with Each Score

Your Score History

You have not taken this quiz